00514nam a2200193 a 4500001001300000003000900013005001700022008004100039020000800080082001600088100001800104245003400122260005900156300000900215500003500224505001000259650003300269700001800302nice12345678IN_TiNIC20260116011911.0050524s1974 naga grp 000 0 eng  ac400a304.66bSAD aSadiq, John W aFamily in the Purpose of God. aNagpurbNational Christian Council & Christian Mc1974 a146p aincludes index and biblioraphy2 aIndex aFamily-Planning Christianity1 aSadiq, John W